| 000 | 00000nam 2200000zi 4500 |
| 001 | 9.925999 |
| 003 | CaOODSP |
| 005 | 20240123120500 |
| 006 | m o d f |
| 007 | cr ||||||||||| |
| 008 | 230809t20232023onc o f000 0 ||| d |
| 020 | |a9780660499147 |
| 040 | |aCaOODSP|beng|erda|cCaOODSP |
| 041 | 7|acrg|2iso639-3 |
| 043 | |an-cn--- |
| 086 | 1 |aH14-424/3-2023Crg-PDF |
| 245 | 00|aKenadaw li dawnchee weechihiwaywin. |
| 250 | |a[Michif-Cree edition]. |
| 264 | 1|a[Ottawa] : |bGovernment of Canada = Gouvernement du Canada, |c2023. |
| 264 | 4|c©2023 |
| 300 | |a1 online resource (1 page) |
| 336 | |atext|btxt|2rdacontent |
| 337 | |acomputer|bc|2rdamedia |
| 338 | |aonline resource|bcr|2rdacarrier |
| 500 | |aIssued also in English under title: Canada Dental Benefit factsheet. |
| 500 | |aIssued by: Health Canada. |
| 500 | |a"Pub.: 230042." |
| 500 | |aIncorrect catalogue number (H14-424/3-2022Crg-PDF) and ISBN (9780660483580) printed in this publication. |
| 546 | |aText in Michif-Cree. |
| 650 | 0|aChildren|xDental care|zCanada|xFinance. |
| 650 | 0|aChildren|xDental care|xGovernment policy|zCanada. |
| 710 | 1 |aCanada. |bHealth Canada, |eissuing body. |
| 775 | 08|tCanada Dental Benefit factsheet.|w(CaOODSP)9.926000 |
| 856 | 40|qPDF|s110 KB|uhttps://publications.gc.ca/collections/collection_2024/sc-hc/H14-424-3-2023-crg.pdf |
| 856 | 4 |qHTML|sN/A|uhttps://www.canada.ca/en/services/health/healthy-living/dental-oral/canada-dental-benefit-multilingual-resources/fact-sheets/michif-cree.html |
| 986 | |a230042 |